• 首页
  • 本馆介绍
  • 公告通知
  • 最新文献
  • 馆藏检索
  • 电子资源
  • 读者导购
  • 参考咨询
  • 我的图书馆
  • 登录
  • 详细信息显示
  • 放入我的书架
  • 预约/预借图书
  • 作者相关作品
  • 分类相关作品
  • 丛书相关作品
  • 出版社相关作品

书目信息

  • 表格格式
  • 工作单格式
  • 卡片格式
题名:
安全学原理
    
 
作者: 景国勋 主编
分册:  
出版信息: 北京   国防工业出版社  2014
页数: 194页
开本: 26cm
丛书名:
单 册:
中图分类: X9
科图分类:
主题词: 安全科学--高等学校--教材 , 安全科学
电子资源:
ISBN: 978-7-118-09090-1
000 00909nam0 2200253 450
001 519
005 20140909103351.00
010    @a978-7-118-09090-1@dCNY32.00
100    @a20131217d2014 em y0chiy50 ea
101 0  @achi
102    @aCN@b110000
105    @ay z 000yy
106    @ar
200 1  @a安全学原理@AAn Quan Xue Yuan Li@f景国勋主编@FJing Guo Xun Zhu Bian
210    @a北京@c国防工业出版社@d2014
215    @a194页@d26cm
300    @a普通高等院校安全工程专业“十二五”规划教材
330    @a本书介绍了安全学原理的基本概念、基本理论和基本方法,主要包括安全科学的发展及学科体系、安全科学基础、安全管理的基本原理、安全认识论、安全方法论、安全社会原理、安全经济原理、安全预测与事故预防原理。
606 0  @a安全科学@x高等学校@j教材
606 0  @a安全科学
690    @aX9@v5
701  0 @a景国勋@AJing Guo Xun@f(1963.11~)@4主编
801  0 @aCN@bTANGWEI@c20140603
905    @b0837955-57@dX9@e11@f3
    
    安全学原理/景国勋主编.-北京:国防工业出版社,2014
    194页;26cm
    普通高等院校安全工程专业“十二五”规划教材
    
    ISBN 978-7-118-09090-1:CNY32.00
    本书介绍了安全学原理的基本概念、基本理论和基本方法,主要包括安全科学的发展及学科体系、安全科学基础、安全管理的基本原理、安全认识论、安全方法论、安全社会原理、安全经济原理、安全预测与事故预防原理。
●
相关链接 在E读中查询图书 在五车中查询图书 在当当中查询图书 在豆瓣中查询图书


正题名:安全学原理     索取号:X9/11         预约/预借

序号 登录号 条形码 馆藏地/架位号 状态 备注
1 0837955   208379556   第二样本阅览室/ [索取号:X9/11] 在馆    
2 0837956   208379565   第三借阅区/ [索取号:X9/11] 在馆    
3 0837957   208379574   第三借阅区/ [索取号:X9/11] 在馆    
唐山师范学院图书馆 欢迎您!
大连网信软件有限公司© 版权所有